zpět

Detail výsledku týmu

Bowling pub, Vyškov

Datum a čas kvízu

35.5 Celkem bodů Celkový počet nahraných bodů na tomto kvízu bez doplňovacích otázek.
4. Pořadí na kvízu Konečné umístění týmu na tomto kvízu.

Zaznamenané odpovědi

# Otázka Odpověď Body Výsledky
1. Co bylo hlavní motivací kavárn... C 0
2. Na Světovém ekonomickém fóru v... Václava Havla 1
3. Fotografií roku 2025 se v sout... A) konec hlubinné těžby uhlí na Ostravsku 1
4. Minulý týden se měnilo pořadí... Michal Strnad 1
5. Která tenistka zaujala při vst... Naomi Ósaka 1
6. Jak se jmenuje italský horolez... Reinhold Messner 1
7. Jak se trojslovně jmenuje disc... lezení na obtížnost 1
8. Jak se jedním slovem nazývá ho... mačky 1
9. Za půl bodu napište jméno ikon... Matterhorn, Švýcarsko a Itálie 1
10. Jak se jmenuje fenomenální slo... B) Janja Garnbret 0